Belgische voetbalkampioenen per seizoen - Statistieken

Algemene statistieken
  • Deze quiz is 120 keer genomen
    49 sinds de laatste reset
  • De gemiddelde score is 86 van 122
Antwoordstatistieken
Seizoen Kampioen % Correct
1972-73 | 1975-76 | 1976-77 | +15 others Club Brugge KV
100%
1919-20 FC Brugeois
100%
1980-81 | 1984-85 | 1985-86 | +15 others RSC Anderlecht
96%
1946-47 | 1948-49 | 1949-50 | +13 others RSC Anderlechtois
96%
1928-29 | 1930-31 | 1943-44 | +2 others R. Antwerp FC
87%
1998-99 | 2001-02 | 2010-11 | 2018-19 KRC Genk
76%
2014-15 KAA Gent
74%
1957-58 | 1960-61 | 1962-63 | +7 others R. Standard de Liège
70%
1988-89 KV Mechelen
65%
1942-43 | 1945-46 | 1947-48 RFC Malinois
65%
1921-22 | 1923-24 | 1924-25 | +2 others K. Beerschot VAC
63%
1931-32 | 1941-42 K. Liersche SK
63%
1959-60 | 1996-97 K. Lierse SK
63%
1937-38 | 1938-39 R. Beerschot AC
63%
1910-11 CS Brugeois
57%
1926-27 | 1929-30 RCS Brugeois
57%
1922-23 | 1932-33 | 1933-34 | 1934-35 R. Union Saint-Gilloise SR
54%
1974-75 Racing White Daring Molenbeek
50%
1903-04 | 1904-05 | 1905-06 | +5 others R. Union Saint-Gilloise
50%
1978-79 | 1983-84 KSK Beveren
37%
1895-96 | 1897-98 | 1898-99 FC Liégeois
13%
1951-52 | 1952-53 RFC Liège
13%
1911-12 | 1913-14 Daring Club de Bruxelles
9%
1920-21 | 1935-36 | 1936-37 Daring Club de Bruxelles SR
9%
1896-97 | 1899-1900 | 1900-01 | +3 others Racing de Bruxelles
0%
Geen overeenkomende quizzen gevonden
Scoreverdeling
Procent van Mensen met Elke Score
Percentiel versus Aantal Correcte Antwoorden
Uw Scoregeschiedenis
U heeft deze quiz nog niet genomen sinds de laatste reset